| 000 | 007480000a22002290004500 | ||
|---|---|---|---|
| 003 | LK-CoMWRAF | ||
| 005 | 20240315112208.0 | ||
| 008 | 230817t1987 ||||| |||| 00| 0 eng d | ||
| 040 |
_aLK-CoMWRAF _dLK-CoMWRAF _eLK-CoMWRAF |
||
| 041 | _aeng | ||
| 082 |
_a348.5493 _bSRI |
||
| 110 | _aSri Lanka, Democratic Socialist Republic | ||
| 245 | _a1985 supplement (unofficial) to the revised edition of the legislative enactments of Sri Lanka | ||
| 260 |
_aColombo: _c1987 |
||
| 300 | _a21-23 p. | ||
| 490 |
_avol.I _vpart 2 |
||
| 500 | _aAmendments of code of criminal procedure and prevemtion of terrorism | ||
| 650 | _aLAW-Sri Lanka | ||
| 650 | _aCivil law and procedure | ||
| 700 |
_a Deheragoda, E. R. K. D. M. Hector _ecomp. |
||
| 942 | _cBK | ||
| 999 |
_c2765 _d2765 |
||